| 000 | 01402nam a2200253Ia 4500 | ||
|---|---|---|---|
| 999 |
_c49548 _d49548 |
||
| 001 | 16479 | ||
| 003 | GE_BSU | ||
| 005 | 20200130124237.0 | ||
| 008 | 181216s||||||||xx |||||||||||||| ||und|| | ||
| 020 | _a9789941462108 | ||
| 041 | _ageo | ||
| 080 | _a821.11(075.8) ს–80 | ||
| 100 |
_aსტამბოლიშვილი, ნანა _96533 |
||
| 245 |
_aშესავალი გერმანიკულ ფილოლოგიაში : _bსახელმძღვანელო :Introduction to the German philology / _cნანა სტამბოლიშვილი ; რედ.ანზორ აბუსერიძე ; მარინე გიორგაძე . |
||
| 250 | _aმე-2 შევსებული გამოცემა | ||
| 264 |
_aბათუმი : _bშოთა რუსთაველის უნიტის გამ-ბა, _c2015 |
||
| 300 |
_a266 გვ.: _bილ .: _c20 სმ. |
||
| 504 | _aბიბლიოგრ:გვ 265-266 | ||
| 653 | _aშესავალი გერმანიკულ ფილოლოგიაში | ||
| 653 | _aგერმანული ლიტერატურა | ||
| 700 |
_aაბუსერიძე, ანზორ _eრედაქტორი _96534 |
||
| 700 |
_aგიორგაძე, მარინე _eრედაქტორი _96535 |
||
| 942 |
_cBK _2udc |
||